000 00348nam a22001337a 4500
020 _a978-1-266-85766-9
082 _a657.42 WHI
100 _aWhittington, O. Ray
245 _aPrinciples of Auditing & other Assurance Services
260 _aNew York:
_bMcGrawHill,
_c2024
300 _axxi, 992p.: il.; 28cm
700 _aPany, Kurt
942 _cBK
999 _c22160
_d22160